| 000 | 00855cam a22002773a 4500 | ||
|---|---|---|---|
| 001 | 24820 | ||
| 003 | PGUSA | ||
| 005 | 20140828083532.0 | ||
| 008 | 080313s2008||||xxu|||||s|||||000 | eng d | ||
| 040 |
_aPGUSA _beng |
||
| 042 | _adc | ||
| 050 | 4 | _aDS | |
| 100 | 1 |
_aSemper, C. _q(Carl), _d1832-1893 |
|
| 245 | 1 | 0 |
_aDie Philippinen und ihre Bewohner : _bSechs Skizzen _h[electronic resource] / _cC. Semper |
| 260 |
_bProject Gutenberg, _c2008 |
||
| 506 | _aPublic domain in the USA. | ||
| 516 | _aElectronic text | ||
| 653 | _aNatural history -- Philippines | ||
| 653 | _aPhilippines -- Description and travel | ||
| 653 | _aPhysical geography -- Philippines | ||
| 653 | _aEthnology -- Philippines | ||
| 700 | 1 |
_aKarsten, Gustav, _d1820-1900 |
|
| 830 | 0 |
_aProject Gutenberg _v24820 |
|
| 856 | 4 | 0 | _uhttp://www.gutenberg.org/ebooks/24820 |
| 942 | _cEB | ||
| 999 |
_c254075 _d254075 |
||